| 000 | 00686nam a2200181Ia 4500 | ||
|---|---|---|---|
| 008 | 090124s9999 xx 000 0 und d | ||
| 082 | _b103074 | ||
| 100 | _aलागू रा. अ. (रामचंद्र अनंत) | ||
| 245 | _a महाराष्ट्राची आिभ्रत | ||
| 250 | _a0 | ||
| 260 | _c1949 | ||
| 300 | _a80 | ||
| 600 | _aलागू रा. अ. (रामचंद्र अनंत) | ||
| 630 | _a महाराष्ट्राची आिभ्रत | ||
| 700 | _aलागू रा. अ. (रामचंद्र अनंत) | ||
| 730 | _a महाराष्ट्राची आिभ्रत | ||
| 942 | _cBOOK | ||
| 999 |
_c149166 _d149166 |
||